000 00684nam a22002417a 4500
001 51875
003 UA-OsUOA
005 20201201205924.0
007 ta
008 20080123b un ||||| |||| 00| 0 ukr d
040 _aUA-OsUOA
_brus
_cUA-OsUOA
_dUA-OsUOA
041 _arus
080 _a821.113.4
090 _a821.113.4
_bХ15
100 _aХайнесен В.
245 _aЧерный котел
_bроман
260 _aОдесса
_bМаяк
_c1988
300 _a264 с.
650 7 _a82 Література. Літературознавство
_2UDC
942 _cBK
_2udc
955 _a3
999 _c337953
_d337953